PRACTICAL PHARMACOGONOSY FOR DEGREE COURCE IN PHARMACY (Record no. 5814)

MARC details
000 -LEADER
fixed length control field 00449nam a22001577a 4500
005 - DATE AND TIME OF LATEST TRANSACTION
control field 20240108114039.0
008 - FIXED-LENGTH DATA ELEMENTS--GENERAL INFORMATION
fixed length control field 190405b xxu||||| |||| 00| 0 eng d
020 ## - INTERNATIONAL STANDARD BOOK NUMBER
ISBN 978-93-81237-07-6
041 ## - LANGUAGE CODE
Language code of text/sound track or separate title eng
100 ## - MAIN ENTRY--AUTHOR NAME
Personal name GOKHALE, S.B. ,GOKHALE,DR. ALPANA .,DR. KULKARNI,DR. YOGESH
245 ## - TITLE STATEMENT
Title PRACTICAL PHARMACOGONOSY FOR DEGREE COURCE IN PHARMACY
260 ## - PUBLICATION, DISTRIBUTION, ETC. (IMPRINT)
Place of publication PUNE
Name of publisher NIRALI PRAKASHAN
300 ## - PHYSICAL DESCRIPTION
Number of Pages I.9 p,
650 ## - SUBJECT ADDED ENTRY--TOPICAL TERM
Topical Term PHARMACY
942 ## - ADDED ENTRY ELEMENTS (KOHA)
Koha item type Books
Holdings
Lost status Damaged status Collection code Home library Current library Shelving location Date acquired Source of acquisition Cost, normal purchase price Full call number Accession Number Koha item type
    PHARMACY JRU Library JRU Library Shelf - 27- B 05/04/2019 PURCHESS 275.00 615.32 22623 Books
    PHARMACY JRU Library JRU Library Shelf - 27- B 05/04/2019 PURCHESS 275.00 615.32 22624 Books
    Reference JRU Library JRU Library SHELF-4-E 05/04/2019 PURCHESS 275.00   22625 Books